000 00812nam a2200253 i 4500
001 bg
100 1 _aStefanowicz, Bogdan
_d(1937- ).
245 1 0 _aInformacyjne systemy zarządzania :
_bprzewodnik /
_cBogdan Stefanowicz.
250 _aWyd. 4 zm. i rozsz.
260 _aWarszawa :
_bSzkoła Główna Handlowa. Oficyna Wydawnicza,
_c2007.
300 _a172 s. ;
_c24 cm.
650 9 _aSystemy informatyczne zarządzania
655 _aPodręczniki akademickie
015 _aPB 26719/2007
020 _a9788373782693
040 _cBPK
041 0 _apol
044 _aPOL
080 _a004.65:005](075.8)
920 _a978-83-7378-269-3
942 _cKS
008 071016s2007 pl f f |000 0 pol
999 _c55277
_d55277
856 _uhttp://koha.tu.koszalin.pl/cgi-bin/koha/opac-detail.pl?biblionumber=55277
_yKatalog online BPK